|
|
|
|
| LEADER |
02001nam a2200529 i 4500 |
| 001 |
nkc20172957175 |
| 003 |
CZ PrNK |
| 005 |
20240109104020.0 |
| 007 |
ta |
| 008 |
171201s2017 xr a a 000 p cze |
| 015 |
|
|
|a cnb002957175
|
| 020 |
|
|
|a 978-80-00-04784-3
|q (Albatros ;
|q vázáno) :
|c Kč 169,00
|
| 035 |
|
|
|a (OCoLC)1019665479
|
| 040 |
|
|
|a ABA001
|b cze
|e rda
|
| 072 |
|
7 |
|a 821.162.3-1
|x Česká poezie
|2 Konspekt
|9 25
|
| 072 |
|
7 |
|a 821-93
|x Literatura pro děti a mládež (beletrie)
|2 Konspekt
|9 26
|
| 080 |
|
|
|a 821.162.3-1
|2 MRF
|
| 080 |
|
|
|a 821-93
|2 MRF
|
| 080 |
|
|
|a (0:82-1)
|2 MRF
|
| 080 |
|
|
|a (0.025.2)
|2 MRF
|
| 100 |
1 |
|
|a Kubašta, Vojtěch,
|d 1914-1992
|7 jk01070261
|4 ill
|
| 245 |
1 |
0 |
|a Cvrček a mravenci /
|c Vojtěch Kubašta
|
| 250 |
|
|
|a V Albatrosu první vydání
|
| 264 |
|
1 |
|a V Praze :
|b pro nakladatelství Albatros v Praze ve společnosti Albatros/Media a.s. připravilo nakladatelství B4U Publishing,
|c 2017
|
| 300 |
|
|
|a 14 nečíslovaných stran :
|b barevné ilustrace ;
|c 19 x 24 cm
|
| 336 |
|
|
|a text
|b txt
|2 rdacontent
|
| 336 |
|
|
|a statický obraz
|b sti
|2 rdacontent
|
| 337 |
|
|
|a bez média
|b n
|2 rdamedia
|
| 338 |
|
|
|a svazek
|b nc
|2 rdacarrier
|
| 500 |
|
|
|a Autor J.Z. Novák, ilustrace Vojtěch Kubašta
|
| 500 |
|
|
|a Kartonové listy s průřezy
|
| 521 |
8 |
|
|a Pro děti od 3 let
|
| 655 |
|
7 |
|a česká poezie
|7 fd133958
|2 czenas
|
| 655 |
|
7 |
|a leporela
|7 fd132727
|2 czenas
|
| 655 |
|
7 |
|a publikace pro děti
|7 fd133156
|2 czenas
|
| 655 |
|
9 |
|a Czech poetry
|2 eczenas
|
| 655 |
|
9 |
|a folding picture-books
|2 eczenas
|
| 655 |
|
9 |
|a children's literature
|2 eczenas
|
| 700 |
1 |
|
|a Novák, Jiří Zdeněk,
|d 1912-2001
|7 jk01090423
|4 aut
|
| 710 |
2 |
|
|a Nakladatelství Albatros
|7 kn20010724027
|4 isb
|
| 910 |
2 |
|
|a BOA001
|b 2-1398.607
|
| 928 |
9 |
|
|a Albatros Media - B4U Publishing
|
| 928 |
9 |
|
|a B4U Publishing
|
| 990 |
|
|
|a BK
|
| 995 |
|
|
|a 01
|
| 991 |
|
|
|b 201712
|c NOV
|
| 996 |
6 |
|
|b 2610727127
|c 2-1398.607
|l MZK
|r Sklad / do 1 hodiny
|n 4
|p p.v.
|w 001642434
|u 000010
|a 1
|e BOA001
|j MZK50
|s P
|